Central Library OPAC University of Rajshahi

আধুনিক প্রজন্মের কবিতা / (Record no. 48806)

MARC details
000 -LEADER
fixed length control field 00986nam a2200241 a 4500
001 - CONTROL NUMBER
control field 48806
003 - CONTROL NUMBER IDENTIFIER
rucl marc code BD-RjUL
005 - DATE AND TIME OF LATEST TRANSACTION
control field 20211209054604.0
008 - FIXED-LENGTH DATA ELEMENTS--GENERAL INFORMATION
fixed length control field 160816s1991 ii ||||| |||| 00| 0 ben d
020 ## - INTERNATIONAL STANDARD BOOK NUMBER
Terms of availability : TK. 60.00
035 ## - SYSTEM CONTROL NUMBER
System control number (BD-RjUL) 48925
040 ## - CATALOGING SOURCE
Original cataloging agency BD-RjUL
Language of cataloging ben
Transcribing agency BD-RjUL
041 ## - LANGUAGE CODE
Language code of text/sound track or separate title ben
082 ## - DEWEY DECIMAL CLASSIFICATION NUMBER
Edition number 23
Classification number 891.44108
Author mark and year ADH 1991
245 10 - TITLE STATEMENT
Title আধুনিক প্রজন্মের কবিতা /
Statement of responsibility, etc. উত্তম দাশ এবং মৃত্যুঞ্জয় সেন, সম্পাদিত
260 ## - PUBLICATION, DISTRIBUTION, ETC. (IMPRINT)
Place of publication, distribution, etc. কলকাতা :
Name of publisher, distributor, etc. মহাদিগন্ত,
Date of publication, distribution, etc. ১৯৯১
300 ## - PHYSICAL DESCRIPTION
Pagination ৩৬০ পৃ. ;
Size ২১ সেমি.
650 ## - SUBJECT ADDED ENTRY--TOPICAL TERM
Topical term or geographic name as entry element বাংলা কবিতা
General subdivision সংগ্রহ
9 (RLIN) 126131
Topical term or geographic name as entry element Bengali Poetry
General subdivision Collection
9 (RLIN) 126132
700 ## - ADDED ENTRY--PERSONAL NAME
Personal name দাশ, উত্তম, সম্পাদক
Personal name সেন, মৃত্যুঞ্জয়, সম্পাদক
942 ## - ADDED ENTRY ELEMENTS (KOHA)
Source of classification or shelving scheme Dewey Decimal Classification
Koha item type Books
Holdings
Lost status Source of classification or shelving scheme Damaged status Not for loan Collection code Permanent Location Current Location Shelving location Date acquired Source of acquisition Cost, normal purchase price Total Checkouts Full call number Date last seen Copy number Koha item type
  Dewey Decimal Classification     Non-fiction Central Library, University of Rajshahi Central Library, University of Rajshahi   23/12/1996 Aunkur prakashani, Dhaka 60.00   B 891.44108 ADH 1991 16/08/2016 C-2 Books